Welcome to the Holygrace Academy Library

Please use search bar below to get started

ARABIAN HASYAKATHAKAL (Record no. 1372)

MARC details
000 -LEADER
fixed length control field 00302nam a22001337a 4500
082 ## - DEWEY DECIMAL CLASSIFICATION NUMBER
Classification number 894.812.3
Item number KAV/A
100 ## - MAIN ENTRY--AUTHOR NAME
Personal name KAVILPAD,ABV
245 ## - TITLE STATEMENT
Title ARABIAN HASYAKATHAKAL
250 ## - EDITION STATEMENT
Edition statement FIRST
260 ## - PUBLICATION, DISTRIBUTION, ETC. (IMPRINT)
Place of publication THRISSUR
Name of publisher H&C PUBLISHING HOUSE
Year of publication 1999
300 ## - PHYSICAL DESCRIPTION
Number of Pages 64
650 ## - SUBJECT ADDED ENTRY--TOPICAL TERM
Topical Term SHORT STORY
Geographic subdivision KERALA
942 ## - ADDED ENTRY ELEMENTS (KOHA)
Koha item type Books
Holdings
Withdrawn status Lost status Collection code Home library Current library Shelving location Date acquired Source of acquisition Cost, normal purchase price Full call number Accession Number Koha item type
    Fiction Main Library Main Library SHELF-6C MALAYALAM SHORT STORIES 01/03/2002 PURCHASE 5.00 894.812.3 KAV/A 01030 Books